00301nam a2200133Ia 45000030006000000080041000060400015000471000017000622450019000792500013000982600027001115460012001380050017001500STCL150530s9999 xx 000 0 und d aSTCLcSTCL aTyagi, B.P.. aPublic finance aElevanth bJai Prakash Nathc1984 aEnglish20220125165543.0